000
00238nam a22001217a 4500
003
SGT
082
_a
340
100
_a
PHILIPS, C.M.
245
_a
STATISTICS -1
260
_a
LONDDAN
_b
UNIVERSITY
_c
2006
300
_a
124
942
_2
ddc
_c
BK
999
_c
11093
_d
11093